| 000 | 00403nam a22001337a 4500 | ||
|---|---|---|---|
| 020 | _a0-89443-160-9 | ||
| 082 | _a657.0973 BRE'Q | ||
| 100 |
_aBRENSER, WAYNE G _974748 |
||
| 245 | _aQUALITY CONTROL SYSTEM IN ACCOUNTING A GUIDE TO IMPLEMENTATION | ||
| 260 |
_aENGLAND _bASPEN _c1979 |
||
| 300 | _a267P | ||
| 650 |
_aACCOUNTANTS UNITED STATES ACCOUNTING UNITED STATE QUALITY CONYTOL _974749 |
||
| 942 | _cBK | ||
| 999 |
_c580248 _d580248 |
||